000 00404cam a2200169ua 4500
020 _c2.25
041 _amal
_h
082 _a577
_bBHU/JE
100 _aBhuvaneswari, K .
245 _aJeevaprapancham /
_cK Bhuvaneswari.
_hTextual Documents
260 _aKodungallur :
_bKerala Book House ,
_c1963.
300 _a248 ; .
365 _a2.25
504 _a
942 _cBK
999 _c4389
_d4389